000 00522nam a2200229Ia 4500
003 OSt
005 20220924142802.0
006 a|||||r|||| 00| 0
007 ta
008 ASM
024 _a303300
037 _cTextual
040 _aARTS
_cARTS
_bASM
041 _2ASM
_aASM
082 _aYZ.261.N, 158M3
100 _aDevi Sharda
_9214065
245 0 _aPratibha mai
260 _c1983
650 _aSOCIOLOGY
942 _hYZ.261.N, 158M3
_cTEXL
_2CC
999 _c451960
_d451960